|
|
|
|
| LEADER |
00853cam a2200241 7i4500 |
| 001 |
0000043004 |
| 005 |
20251117090000.0 |
| 020 |
|
|
|a 9780745650081 (pbk.)
|
| 020 |
|
|
|a 9780745650074
|
| 090 |
0 |
0 |
|a HM585
|b .B77 2011
|
| 100 |
1 |
|
|a Browne, Ken
|
| 245 |
1 |
3 |
|a An introduction to sociology
|c Ken Browne.
|
| 250 |
|
|
|a 4th ed.
|
| 260 |
|
|
|a Cambridge, UK.:
|b Polity Press,
|c 2011.
|
| 300 |
|
|
|a xvii, 564 p.:
|b col. ill.;
|c 26 cm.
|
| 650 |
0 |
0 |
|a Sociology
|
| 651 |
|
0 |
|a Great Britain --
|x Social conditions
|
| 997 |
|
|
|a Education & Social Sciences, Faculty
|b Social Sciences, Department
|
| 997 |
|
|
|a Health Sciences, Faculty
|
| 998 |
|
|
|a Industrial Psychology, Degree
|
| 999 |
|
|
|a 0000052097
|b BOK
|c OPEN SHELF
|e 1st Floor, Shah Alam
|
| 999 |
|
|
|a 0000054865
|b BOK
|c OPEN SHELF
|e 1st Floor, Bestari Jaya
|
| 999 |
|
|
|a 0000060947
|b BOK
|c OPEN SHELF
|e 1st Floor, Shah Alam
|